[Event "Werder Bremen"]
[Site "Bremen"]
[Date "2013.09.26"]
[Round "6"]
[White "Nyback, Tomi"]
[Black "Joachim, Sven"]
[Result "1/2-1/2"]
[WhiteElo "2599"]
[BlackElo "2422"]
[PlyCount "75"]
[EventDate "2013.09.21"]
[EventType "tourn"]
[EventRounds "9"]
[EventCountry "GER"]
[EventCategory "9"]
[SourceTitle "CBM 156 Extra"]
[Source "ChessBase"]
[SourceDate "2013.10.22"]
[SourceVersion "1"]
[SourceVersionDate "2013.10.22"]
[SourceQuality "1"]

1. d4 Nf6 2. c4 g6 3. Nc3 Bg7 4. e4 d6 5. Nf3 0-0 6. Be2 e5 7. 0-0 Nbd7 8. Be3 c6 9. d5 c5 10. Ne1 Kh8 11. Nd3 Ng8 12. Qd2 Qe7 13. f3 b6 14. b4 f5 15. a4 a5 16. bxc5 bxc5 17. Nc1 Rb8 18. Nb5 fxe4 19. fxe4 Ngf6 20. Bd3 Ng4 21. Rxf8+ Qxf8 22. Bg5 h6 23. Bh4 Qf4 24. Qxf4 exf4 25. Ra2 g5 26. Be1 Bd4+ 27. Nxd4 cxd4 28. Ra1 Ba6 29. Bxa5 Nde5 30. Bc7 Rb2 31. Bxd6 f3 32. Bxe5+ Nxe5 33. gxf3 Nxf3+ 34. Kf1 Nxh2+ 35. Kg1 Nf3+ 36. Kf1 Nh2+ 37. Kg1 Nf3+ 38. Kf1 1/2-1/2

[Event "Werder Bremen"]
[Site "Bremen"]
[Date "2013.09.25"]
[Round "5"]
[White "Joachim, Sven"]
[Black "Meins, Gerlef"]
[Result "1/2-1/2"]
[WhiteElo "2422"]
[BlackElo "2448"]
[PlyCount "125"]
[EventDate "2013.09.21"]
[EventType "tourn"]
[EventRounds "9"]
[EventCountry "GER"]
[EventCategory "9"]
[SourceTitle "CBM 156 Extra"]
[Source "ChessBase"]
[SourceDate "2013.10.22"]
[SourceVersion "1"]
[SourceVersionDate "2013.10.22"]
[SourceQuality "1"]

1. b3 e5 2. Bb2 d6 3. g3 Be6 4. Bg2 Nc6 5. c4 g6 6. Nf3 Bg7 7. 0-0 Nge7 8. d4 exd4 9. Nxd4 Qc8 10. Qd2 0-0 11. Nxc6 Nxc6 12. Bxg7 Kxg7 13. Nc3 Bh3 14. Nd5 Bxg2 15. Kxg2 Qd7 16. Rfd1 b6 17. Rac1 f6 18. Qb2 Rf7 19. Rc3 Re8 20. Rd2 Ne7 21. e3 Nxd5 22. cxd5 a5 23. Rd4 Ree7 24. Qc2 Qd8 25. Rdc4 Rd7 26. a4 Rde7 27. e4 Rd7 28. Qd3 Qe7 29. Qc2 Kg8 30. Kf1 Kg7 31. Kg1 Kg8 32. Kg2 Kg7 33. Qc1 Qd8 34. Qb2 Qe7 35. Kg1 Kg8 36. Qc1 Kg7 37. f3 Qd8 38. Kg2 Qe7 39. Qc2 Kg8 40. Kf2 Kg7 41. Re3 Qd8 42. Rec3 Qe7 43. Kg2 Kg8 44. Rc6 Kg7 45. R3c4 Kg8 46. Kf2 Kg7 47. Qc3 Kg8 48. Qc1 Kg7 49. Rc3 Qd8 50. R6c4 Qe7 51. f4 Qd8 52. Kf3 Rde7 53. Qc2 Qc8 54. Kg2 Qd8 55. g4 Qc8 56. Kg3 Qd8 57. Qd2 Rd7 58. Qd4 Kg8 59. h4 Qf8 60. Qd2 h6 61. Qc2 Qg7 62. Qc1 g5 63. f5 1/2-1/2

[Event "Bundesliga 1213"]
[Site "Germany"]
[Date "2013.04.07"]
[Round "15.8"]
[White "Joachim, Sven"]
[Black "Huemmer, Bernd"]
[Result "1-0"]
[WhiteElo "2436"]
[BlackElo "2211"]
[PlyCount "103"]
[EventDate "2012.10.20"]
[EventType "team-tourn"]
[EventRounds "15"]
[EventCountry "GER"]
[SourceTitle "CBM 154"]
[Source "ChessBase"]
[SourceDate "2013.05.15"]
[SourceVersion "1"]
[SourceVersionDate "2013.05.15"]
[SourceQuality "1"]
[WhiteTeam "Werder Bremen"]
[BlackTeam "Forchheim"]
[WhiteTeamCountry "GER"]
[BlackTeamCountry "GER"]

1. e4 g6 2. d4 Bg7 3. c4 d6 4. Nc3 c6 5. Be3 e5 6. Nge2 Nd7 7. g3 Ngf6 8. h3 Qe7 9. Bg2 0-0 10. 0-0 Re8 11. Qc2 b6 12. d5 c5 13. a3 Rf8 14. Rae1 Ba6 15. b3 Ne8 16. a4 Nc7 17. Nb5 Bxb5 18. axb5 a6 19. bxa6 Rxa6 20. Ra1 Rfa8 21. Rxa6 Rxa6 22. Nc3 Qe8 23. h4 Nf8 24. Bh3 b5 25. cxb5 Nxb5 26. Nxb5 Qxb5 27. Rb1 Ra8 28. Bf1 Qb7 29. Qc4 Rb8 30. Ra1 Bf6 31. Qa6 Be7 32. Bc4 Qxa6 33. Rxa6 f6 34. Bxc5 Rd8 35. Bb6 Rc8 36. Ra7 Bd8 37. Be3 Rb8 38. Bh6 Bb6 39. Rg7+ Kh8 40. Rf7 Kg8 41. Rxf6 Bc5 42. Bb5 Rd8 43. Kf1 Bb4 44. Ke2 Rc8 45. Bc6 Rb8 46. Kd3 Ba3 47. Kc2 Bb4 48. Kd1 Ba3 49. Kc2 Bb4 50. f4 exf4 51. gxf4 Rc8 52. Kd3 1-0